Womens College World Series Champions - Statistics

General Stats
  • This quiz has been taken 308 times
    37 since last reset
  • The average score is 33 of 43
Answer Stats
Year Winner % Correct
2024 Texas
97%
2023 Oklahoma
94%
2022 Oklahoma
94%
2021 Oklahoma
94%
2017 Oklahoma
94%
2016 Oklahoma
94%
2013 Oklahoma
94%
2000 Oklahoma
94%
2019 UCLA
88%
2010 UCLA
88%
2004 UCLA
88%
2003 UCLA
88%
1999 UCLA
88%
1995 UCLA
88%
1992 UCLA
88%
1990 UCLA
88%
1989 UCLA
88%
1988 UCLA
88%
1985 UCLA
88%
1984 UCLA
88%
1982 UCLA
88%
2015 Florida
85%
2014 Florida
85%
2012 Alabama
82%
2018 Florida State
82%
2007 Arizona
70%
2006 Arizona
70%
2001 Arizona
70%
1997 Arizona
70%
1996 Arizona
70%
1994 Arizona
70%
1993 Arizona
70%
1991 Arizona
70%
2002 Cal
70%
2005 Michigan
70%
2011 Arizona State
67%
2008 Arizona State
67%
1987 Texas AM
67%
1983 Texas AM
67%
2009 Washington
55%
1986 Cal State Fullerton
24%
1998 Fresno State
24%
2020 Not Held
18%
No matching quizzes found
Score Distribution
Percent of People with Each Score
Percentile by Number Answered
Your Score History
You have not taken this quiz since the last reset